00485nam a2200157Ia 4500008004100000020001800041041000800059082001200067100001800079245004500097260003100142300000900173650001800182999002100200952010600221260223s2022 xx 000 0 und d a9789383290475 aeng a614/SAN aRahane Sanjay aEnvironmental Sanitation & Communication aB.S.B. PunebPV, Pubc2022 a160P aEnvironmental c1216420d1216420 00104070aNCMbNCMd2026-01-22g225.00l0o614/SANpNCM-N-4507r2026-02-23 00:00:00w2026-02-23yBK